Kinds Of Value: An Experiment In Modal Anthropology (Record no. 571145)

MARC details
000 -LEADER
fixed length control field 00368nam a2200133Ia 4500
005 - DATE AND TIME OF LATEST TRANSACTION
control field 20250516145652.0
008 - FIXED-LENGTH DATA ELEMENTS--GENERAL INFORMATION
fixed length control field 250516s9999 xx 000 0 und d
020 ## - INTERNATIONAL STANDARD BOOK NUMBER
International Standard Book Number 9780996635585
082 ## - DEWEY DECIMAL CLASSIFICATION NUMBER
Classification number 306
Item number KOC
100 ## - MAIN ENTRY--PERSONAL NAME
Personal name Kockelman, Paul
245 #0 - TITLE STATEMENT
Title Kinds Of Value: An Experiment In Modal Anthropology
260 ## - PUBLICATION, DISTRIBUTION, ETC.
Name of publisher, distributor, etc. University of Chicago Press
Date of publication, distribution, etc. 2020
942 ## - ADDED ENTRY ELEMENTS (KOHA)
Koha item type English Books

No items available.

Find us on the map